Believing is achieving: (Record no. 20767)

MARC details
000 -LEADER
fixed length control field 00982cam a22002774a 4500
005 - DATE AND TIME OF LATEST TRANSACTION
control field 20061024083122.0
008 - FIXED-LENGTH DATA ELEMENTS--GENERAL INFORMATION
fixed length control field 050913s2006 nyua j b 001 0beng
010 ## - LCCN (DPL NO)
LC control number ENG-92412
020 ## - INTERNATIONAL STANDARD BOOK NUMBER
International Standard Book Number 9788170103585
Terms of availability 175.00
020 ## - INTERNATIONAL STANDARD BOOK NUMBER
International Standard Book Number 8170103584
Terms of availability 175.00
035 ## - SYSTEM CONTROL NUMBER
System control number EN-75945
037 ## - SOURCE OF ACQUISITION
Source of stock number/acquisition DBAD / PUB
040 ## - CATALOGING SOURCE
Original cataloging agency dpl
Language of cataloging English
082 ## - DEWEY DECIMAL CLASSIFICATION NUMBER
Classification number 155.2
100 ## - MAIN ENTRY--PERSONAL NAME
Personal name Sondhi, Karan
245 ## - TITLE STATEMENT
Title Believing is achieving:
Remainder of title the mantra for success /
Statement of responsibility, etc by Karan Sondhi
250 ## - EDITION STATEMENT
Edition statement 2nd ed
260 ## - PUBLICATION, DISTRIBUTION, ETC. (IMPRINT)
Place of publication, distribution, etc New Delhi
Name of publisher, distributor, etc Hemkunt Publishers
Date of publication, distribution, etc 2007
270 ## - ADDRESS
Address A-78, Naraina Industrial Area, Phase-I,
City New Delhi
Postal code 110028
300 ## - PHYSICAL DESCRIPTION
Extent 158p.
Dimensions 22cm (pbk)
500 ## - GENERAL NOTE
General note Includes bibliographical references
650 ## - SUBJECT ADDED ENTRY--TOPICAL TERM
Topical term or geographic name as entry element Personality.
650 ## - SUBJECT ADDED ENTRY--TOPICAL TERM
Topical term or geographic name as entry element success
942 ## - ADDED ENTRY ELEMENTS (KOHA)
Source of classification or shelving scheme Dewey Decimal Classification
Item type English Books
Call number suffix SON
Classification part 155.2
Holdings
Withdrawn status Lost status Source of classification or shelving scheme Damaged status Not for loan Collection code Home library Current library Date acquired Source of acquisition Cost, normal purchase price Total Checkouts Full call number Barcode Date last seen Copy number Cost, replacement price Koha item type
    Dewey Decimal Classification   Not For Loan Non-fiction D.B.Act.Division D.B.Act.Division 09/01/2009 DBAB / PUB 175.00   155.2 SON EN-75945 09/01/2009 1 175.00 English Books

© Delhi Public Library
Hit Counter
free hit counter